| 000 | 00622nam a2200205Ii 4500 | ||
|---|---|---|---|
| 001 | 2682 | ||
| 003 | CO-ViMGA | ||
| 008 | 241108s9999||||xx |||||||||||||| ||und|| | ||
| 040 |
_aCO-ViMGA _bspa _erda _cCO-ViMGA |
||
| 041 | 0 | _aspa | |
| 082 | 0 | 4 | _a001.42 I59t |
| 110 | 1 |
_aInstituto Colombiano de Normas Técnicas y Certificación, _918499 |
|
| 245 | 1 | 0 | _aTesis y otros trabajos de grado |
| 264 | 1 | _aBogotá, Colombia : Icontec, 1996 | |
| 300 | _avolumen | ||
| 336 |
_atext _btxt _2rdacontent |
||
| 337 |
_aunmediated _bn _2rdamedia |
||
| 338 |
_avolume _bnc _2rdacarrier |
||
| 940 | _aidficha_siabuc: 2623. -- ficha_no_siabuc:2682 | ||
| 999 |
_c48204 _d48204 |
||